LIBRARY & INFORMATION CENTRE, KCAET, TAVANUR

ONLINE PUBLIC ACCESS CATALOGUE (OPAC)

Digital design (Record no. 15478)

MARC details
000 -LEADER
fixed length control field 00321nam a22001337a 4500
020 ## - INTERNATIONAL STANDARD BOOK NUMBER
ISBN 9788131714508
082 ## - DEWEY DECIMAL CLASSIFICATION NUMBER
Classification number 005.1
Item number MON/DI
100 ## - MAIN ENTRY--AUTHOR NAME
Personal name Mano, Morris M
-- Ciletti, Micheal D
245 ## - TITLE STATEMENT
Title Digital design
250 ## - EDITION STATEMENT
Edition statement 4th
260 ## - PUBLICATION, DISTRIBUTION, ETC. (IMPRINT)
Place of publication New Delhi
Name of publisher Dorling Kindersley
Year of publication c2008
300 ## - PHYSICAL DESCRIPTION
Number of Pages 622
Accompanying material CD
942 ## - ADDED ENTRY ELEMENTS (KOHA)
Koha item type Book Bank scheme for SC students
Holdings
Withdrawn status Lost status Damaged status Home library Current library Shelving location Date acquired Full call number Accession Number Koha item type
      KAUAET KAUAET Scheme 23/07/2018 005.1 MON/DI 20464 Book Bank scheme for SC students
free website counter